| Tag |
First Indicator |
Second Indicator |
Subfields |
| LEADER |
00000cam a22000008a 4500 |
| 001 |
in00000007006 |
| 005 |
20151004070030.0 |
| 008 |
860909s1987 ctuaf b 00110beng |
| 010 |
|
|
|a 86024565
|
| 020 |
|
|
|a 0300037783
|
| 035 |
|
|
|a (OCoLC)14272253
|
| 035 |
|
|
|9 AAA1469AM
|
| 040 |
|
|
|a DLC
|c DLC
|d TXA
|d UtOrBLW
|
| 049 |
|
|
|a TXAM
|c [A10923524]
|
| 050 |
0 |
0 |
|a N6973.R9
|b W48 1987
|
| 082 |
0 |
|
|a 759.9493
|a B
|2 19
|
| 100 |
1 |
|
|a White, Christopher,
|d 1930-
|
| 245 |
1 |
0 |
|a Peter Paul Rubens :
|b man & artist /
|c Christopher White.
|
| 263 |
|
|
|a 8709
|
| 264 |
|
1 |
|a New Haven :
|b Yale University Press,
|c 1987.
|
| 300 |
|
|
|a 310 pages, 3 unnumbered leaves of plates :
|b illustrations (some color)
|
| 336 |
|
|
|a text
|b txt
|2 rdacontent
|
| 337 |
|
|
|a unmediated
|b n
|2 rdamedia
|
| 338 |
|
|
|a volume
|b nc
|2 rdacarrier
|
| 504 |
|
|
|a Bibliography: pages 302-306.
|
| 500 |
|
|
|a Includes index.
|
| 600 |
1 |
0 |
|a Rubens, Peter Paul,
|d 1577-1640.
|
| 650 |
|
0 |
|a Artists
|z Belgium
|v Biography.
|
| 999 |
|
|
|a MARS
|
| 999 |
f |
f |
|s 318e4467-165c-3dfb-a7c8-d75bc1156abd
|i 8e2314c4-a542-3bff-afa9-d5d370ad9d90
|t 0
|
| 952 |
f |
f |
|p normal
|a Texas A&M University
|b College Station
|c Sterling C. Evans Library
|d Evans: Library Stacks
|t 0
|e N6973.R9 W48 1987
|h Library of Congress classification
|i unmediated -- volume
|m A14821619007
|
| 998 |
f |
f |
|a N6973.R9 W48 1987
|t 0
|l Evans: Library Stacks
|